Dictionnaire d'archéologie égyptienne /

Saved in:

Main Author: Pierret, Paul, 1836-? (Author)

Format: Book

Language: French

Published: Paris : Imprimerie nationale, 1875.

Subjects:

Tags: Add Tag

No Tags, Be the first to tag this record!

Call Number: DT58 .P6 1875

LEADER 00653namaa2200229 4500
001 19076
003 OSt
005 20260503050408.0
008 130303s1875 fr d 000 0 fre d
010 |a 11003005 
040 |c ARCE Library 
043 |a f-ua--- 
050 4 |a DT58 .P6 1875 
100 1 |a Pierret, Paul,  |d 1836-?  |e author  |9 37645 
245 1 0 |a Dictionnaire d'archéologie égyptienne /  |c par Paul Pierret. 
264 1 |a Paris :   |b Imprimerie nationale,   |c 1875. 
300 |a 572 pages ;   |c 19 cm. 
651 0 |a Egypt  |x Antiquities  |v Dictionaries. 
651 0 |a Egypt  |x Civilization  |v Dictionaries. 
901 |a reviewed 
942 |c BK  |2 lcc 
999 |c 16094  |d 16094